000 00582cam a22002171 4500
001 ca 34001509
003 DLC
005 20260227111134.0
008 790327s1933 xx 000 0 eng
010 _aca 34001509
035 _a(OCoLC)4785800
040 _aDLC
_cOCl
_dDLC
042 _apremarc
050 0 0 _aPS3507.A57
_bM6 1933
082 _a812.5
100 1 _aDane, Essex.
245 1 0 _aModel behavior,
_ba comedy in one act,
_cby Essex Dane.
260 _aBoston,
_bWalter H. Baker company
_c[1933]
300 _a38 p.
_bdiagr.
_c19 cm.
440 0 _aBaker's royalty plays
999 _c17543
_d17543